000 005140000a22001810004500
003 MACL
005 20160302132103.0
008 160302b xxu||||| |||| 00| 0 eng d
040 _aMACL
_cMACL
041 _aHindi
082 _a891.431
100 _aसत्‍यप्रकाश जोशी
_920248
245 _aराधा
260 _bराजस्‍थानी ग्रन्‍थागार
_aजोधपुर
350 _a25
650 _aPoetry
_941997
942 _cHIN
_k891.431
_2ddc
999 _c28665
_d28665